000 00659nam a2200229Ia 4500
003 OSt
005 20220925204955.0
006 a|||||r|||| 00| 0
007 ta
008 220923b |||||||| |||| 00| 0 eng d
037 _cGeneral Book
040 _aRTL
_cRTL
_beng
041 _2eng
_aeng
082 _aY:1:6.596.N7, L8
100 _aMiddendorp C P
_980078
245 0 _aProgressiveness and conservatism
_b The fundamental
260 _aHagues
_bMonton
_c1978
300 _a457p
_ccm.
490 _aStudies in the Social Sciences.25
942 _hY:1:6.596.N7, L8
_cGB
_2CC
999 _c550900
_d550900